| 000 | 00672nam a2200205Ii 4500 | ||
|---|---|---|---|
| 003 | JO-AjNU | ||
| 008 | 230605s9999||||xx |||||||||||||| ||und|| | ||
| 040 |
_aJO-AjNU _bara _erda _cJO-AjNU |
||
| 041 | _aara | ||
| 050 | 1 | 4 | _aPJ7864.A22.Z7785 1978 |
| 100 | 3 |
_aالمحتسب، عبد السلام عبد المجيد, _eauthor _936247 |
|
| 245 | 0 | 0 | _aطه حسين مفكرا ؟ |
| 250 | _aط1 | ||
| 264 | 3 | 1 | _aد.م: دار إحياء التراث العربي، 1978 |
| 300 | _a263ص | ||
| 336 |
_atext _btxt _2rdacontent |
||
| 337 |
_aunmediated _bn _2rdamedia |
||
| 338 |
_avolume _bnc _2rdacarrier |
||
| 650 | 4 |
_aالأدب العربي - تفسير ونقد _936248 |
|
| 999 |
_aA15042 _c18610 _d18610 |
||